500 Most Valuable Footballers (2025) - Statistics

General Stats
  • This quiz has been taken 3,312 times
    1,377 since last reset
  • The average score is 211 of 500
Answer Stats
% Correct
1 Barcelona Spain RW Lamine Yamal 2007 €200.00m
98%
3 Manchester City Norway ST Erling Haaland 2000 €180.00m
97%
4 Real Madrid France ST Kylian Mbappé 1998 €180.00m
97%
2 Real Madrid England AM Jude Bellingham 2003 €180.00m
95%
5 Arsenal England RW Bukayo Saka 2001 €150.00m
94%
451 Borussia Dortmund England CM Jobe Bellingham 2005 €22.00m
94%
6 Real Madrid Brazil LW Vinícius Júnior 2000 €150.00m
93%
8 Liverpool Germany AM Florian Wirtz 2003 €140.00m
92%
7 Barcelona Spain CM Pedri 2002 €140.00m
92%
11 Chelsea England AM Cole Palmer 2002 €120.00m
91%
14 Manchester City Spain DM Rodri 1996 €110.00m
91%
13 Liverpool Sweden ST Alexander Isak 1999 €120.00m
90%
12 Arsenal England DM Declan Rice 1999 €120.00m
90%
10 Real Madrid Uruguay CM Federico Valverde 1998 €130.00m
90%
17 Liverpool Argentina CM Alexis Mac Allister 1998 €100.00m
89%
47 Bayern Munich England ST Harry Kane 1993 €75.00m
89%
9 Bayern Munich Germany AM Jamal Musiala 2003 €140.00m
89%
19 Inter Milan Argentina ST Lautaro Martínez 1997 €95.00m
89%
24 Paris Saint-Germain France ST Ousmane Dembélé 1997 €90.00m
89%
15 Atlético Madrid Argentina ST Julián Alvarez 2000 €100.00m
88%
25 Arsenal Norway AM Martin Ødegaard 1998 €85.00m
88%
16 Bayern Munich France RW Michael Olise 2001 €100.00m
88%
18 Manchester City England RW Phil Foden 2000 €100.00m
88%
23 Barcelona Brazil LW Raphinha 1996 €90.00m
87%
32 Real Madrid Brazil RW Rodrygo 2001 €80.00m
87%
33 Paris Saint-Germain Morocco RB Achraf Hakimi 1998 €80.00m
86%
20 Paris Saint-Germain France RW Désiré Doué 2005 €90.00m
86%
22 Paris Saint-Germain Georgia LW Khvicha Kvaratskhelia 2001 €90.00m
86%
169 Manchester United Argentina CB Lisandro Martínez 1998 €40.00m
86%
21 Chelsea Ecuador DM Moisés Caicedo 2001 €90.00m
86%
31 Liverpool Hungary AM Dominik Szoboszlai 2000 €80.00m
85%
434 Fenerbahçe Mexico DM Edson Álvarez 1997 €24.00m
85%
30 Paris Saint-Germain Portugal DM Vitinha 2000 €80.00m
85%
29 Arsenal France CB William Saliba 2001 €80.00m
85%
181 Real Madrid Morocco RW Brahim Díaz 1999 €40.00m
84%
118 Manchester United Portugal AM Bruno Fernandes 1994 €50.00m
84%
36 Chelsea Argentina CM Enzo Fernández 2001 €75.00m
84%
54 Bayern Munich Colombia LW Luis Díaz 1997 €70.00m
84%
35 Liverpool France ST Hugo Ekitiké 2002 €75.00m
83%
38 Manchester City Croatia CB Joško Gvardiol 2002 €75.00m
83%
45 Real Madrid England RB Trent Alexander-Arnold 1998 €75.00m
83%
43 Arsenal Sweden ST Viktor Gyökeres 1998 €75.00m
83%
40 Arsenal Brazil CB Gabriel Magalhães 1997 €75.00m
82%
27 Paris Saint-Germain Portugal CM João Neves 2004 €80.00m
82%
42 Galatasaray Nigeria ST Victor Osimhen 1998 €75.00m
82%
41 Real Madrid France DM Aurélien Tchouaméni 2000 €75.00m
81%
55 Liverpool Netherlands LW Cody Gakpo 1999 €70.00m
81%
49 Athletic Bilbao Spain LW Nico Williams 2002 €70.00m
81%
39 Manchester City Egypt ST Omar Marmoush 1999 €75.00m
81%
26 Barcelona Spain CB Pau Cubarsí 2007 €80.00m
81%
34 Inter Milan Italy CB Alessandro Bastoni 1999 €80.00m
80%
28 Newcastle United Brazil DM Bruno Guimarães 1997 €80.00m
80%
59 Barcelona France RB Jules Koundé 1998 €65.00m
80%
52 Paris Saint-Germain Portugal LB Nuno Mendes 2002 €70.00m
80%
61 Manchester City Portugal CB Rúben Dias 1997 €65.00m
80%
63 Real Madrid Turkey AM Arda Güler 2005 €60.00m
79%
51 Manchester United Slovenia ST Benjamin Šeško 2003 €70.00m
79%
50 Paris Saint-Germain France LW Bradley Barcola 2002 €70.00m
79%
60 Arsenal Germany ST Kai Havertz 1999 €65.00m
79%
120 Liverpool Egypt RW Mohamed Salah 1992 €50.00m
79%
37 Liverpool Netherlands DM Ryan Gravenberch 2002 €75.00m
79%
91 Real Madrid Spain LB Álvaro Carreras 2003 €50.00m
78%
44 Inter Milan France ST Marcus Thuram 1997 €75.00m
78%
46 Inter Milan Italy CM Nicolò Barella 1997 €75.00m
78%
56 Milan Portugal LW Rafael Leão 1999 €70.00m
78%
154 Barcelona Spain CM Gavi 2004 €40.00m
77%
172 Juventus France CM Khéphren Thuram 2001 €40.00m
77%
416 Al-Hilal Portugal DM Rúben Neves 1997 €25.00m
77%
97 Real Madrid France CM Eduardo Camavinga 2002 €50.00m
76%
72 Liverpool France CB Ibrahima Konaté 1999 €60.00m
76%
58 Newcastle United England LW Anthony Gordon 2001 €65.00m
75%
167 Bayern Munich South Korea CB Kim Min-jae 1996 €40.00m
75%
53 Tottenham Hotspur Netherlands AM Xavi Simons 2003 €70.00m
75%
71 Newcastle United Italy CM Sandro Tonali 2000 €60.00m
74%
62 Chelsea Brazil RW Estêvão Willian 2007 €60.00m
73%
341 Athletic Bilbao Spain GK Unai Simón 1997 €28.00m
73%
57 Paris Saint-Germain Ecuador CB Willian Pacho 2001 €65.00m
73%
80 Arsenal Brazil LW Gabriel Martinelli 2001 €55.00m
72%
70 Atalanta Nigeria SS Ademola Lookman 1997 €60.00m
71%
65 Barcelona Spain LB Alejandro Balde 2003 €60.00m
71%
48 Real Madrid Spain CB Dean Huijsen 2005 €70.00m
71%
143 Bayern Munich Germany DM Joshua Kimmich 1995 €45.00m
71%
73 Barcelona Spain AM Dani Olmo 1998 €60.00m
70%
103 Manchester City Belgium LW Jérémy Doku 2002 €50.00m
70%
69 Arsenal Spain DM Martín Zubimendi 1999 €60.00m
70%
67 Manchester United Brazil SS Matheus Cunha 1999 €60.00m
70%
86 Manchester United Cameroon RW Bryan Mbeumo 1999 €55.00m
69%
179 Manchester City Italy GK Gianluigi Donnarumma 1999 €40.00m
69%
68 Manchester City Netherlands CM Tijjani Reijnders 1998 €60.00m
69%
141 Barcelona Netherlands CM Frenkie de Jong 1997 €45.00m
68%
89 Juventus Turkey LW Kenan Yıldız 2005 €50.00m
68%
109 Bayern Munich Canada LB Alphonso Davies 2000 €50.00m
67%
64 Barcelona Spain AM Fermín López 2003 €60.00m
67%
110 Barcelona Spain ST Ferran Torres 2000 €50.00m
67%
92 Bayern Munich Senegal ST Nicolas Jackson 2001 €50.00m
67%
84 Arsenal England AM Eberechi Eze 1998 €55.00m
66%
105 Liverpool Netherlands RB Jeremie Frimpong 2000 €50.00m
66%
98 Chelsea Brazil ST João Pedro 2001 €50.00m
66%
85 Arsenal Netherlands RB Jurriën Timber 2001 €55.00m
66%
75 Manchester United France CB Leny Yoro 2005 €55.00m
66%
183 Barcelona England LW Marcus Rashford 1997 €40.00m
66%
292 Feyenoord Netherlands CM Quinten Timber 2001 €30.00m
66%
191 Manchester City Portugal AM Bernardo Silva 1994 €38.00m
65%
117 Milan United States RW Christian Pulisic 1998 €50.00m
65%
182 Arsenal Spain GK David Raya 1995 €40.00m
65%
100 Tottenham Hotspur Netherlands CB Micky van de Ven 2001 €50.00m
65%
115 Bayern Munich France CB Dayot Upamecano 1998 €50.00m
64%
93 Manchester City Brazil RW Savinho 2004 €50.00m
64%
116 Napoli Scotland CM Scott McTominay 1996 €50.00m
64%
114 Tottenham Hotspur Argentina CB Cristian Romero 1998 €50.00m
63%
127 Liverpool Hungary LB Milos Kerkez 2003 €45.00m
63%
250 Aston Villa Spain CB Pau Torres 1997 €32.00m
63%
444 Liverpool Netherlands CB Virgil van Dijk 1991 €23.00m
63%
238 Benfica Portugal CB António Silva 2003 €32.00m
62%
77 Paris Saint-Germain France CM Warren Zaïre-Emery 2006 €55.00m
62%
119 Inter Milan Italy LB Federico Dimarco 1997 €50.00m
61%
134 Juventus Canada ST Jonathan David 2000 €45.00m
61%
90 Manchester United England CM Kobbie Mainoo 2005 €50.00m
61%
102 Chelsea Portugal RW Pedro Neto 2000 €50.00m
61%
124 Chelsea Argentina LW Alejandro Garnacho 2004 €45.00m
60%
140 Arsenal England RB Ben White 1997 €45.00m
60%
192 Real Madrid Brazil ST Endrick 2006 €35.00m
60%
189 Manchester United Netherlands CB Matthijs de Ligt 1999 €38.00m
60%
178 Aston Villa England ST Ollie Watkins 1995 €40.00m
60%
128 Manchester City France RW Rayan Cherki 2003 €45.00m
60%
107 Tottenham Hotspur Sweden AM Dejan Kulusevski 2000 €50.00m
59%
177 Paris Saint-Germain Spain CM Fabián Ruiz 1996 €40.00m
59%
252 Arsenal Brazil ST Gabriel Jesus 1997 €32.00m
59%
227 Arsenal Spain CM Mikel Merino 1996 €35.00m
59%
96 Arsenal Ecuador CB Piero Hincapié 2002 €50.00m
59%
211 Barcelona Uruguay CB Ronald Araújo 1999 €35.00m
59%
142 Borussia Dortmund Guinea ST Serhou Guirassy 1996 €45.00m
59%
104 Aston Villa Belgium DM Amadou Onana 2001 €50.00m
58%
233 Chelsea Spain LB Marc Cucurella 1998 €35.00m
58%
139 Crystal Palace England CB Marc Guéhi 2000 €45.00m
58%
123 Arsenal England LB Myles Lewis-Skelly 2006 €45.00m
58%
210 Arsenal Italy LB Riccardo Calafiori 2002 €35.00m
58%
245 Benfica Portugal CB Tomás Araújo 2002 €32.00m
58%
78 Bayern Munich Germany DM Aleksandar Pavlović 2004 €55.00m
57%
131 Al-Hilal Uruguay ST Darwin Núñez 1999 €45.00m
57%
161 Paris Saint-Germain Portugal ST Gonçalo Ramos 2001 €40.00m
57%
136 Manchester United Uruguay DM Manuel Ugarte 2001 €45.00m
57%
204 Napoli Denmark ST Rasmus Højlund 2003 €35.00m
57%
152 Manchester City England RB Rico Lewis 2004 €40.00m
57%
132 Tottenham Hotspur Ghana RW Mohammed Kudus 2000 €45.00m
56%
190 Aston Villa Belgium CM Youri Tielemans 1997 €38.00m
55%
133 Manchester United Ivory Coast RW Amad Diallo 2002 €45.00m
54%
222 Juventus Serbia ST Dušan Vlahović 2000 €35.00m
54%
101 Juventus Brazil CB Gleison Bremer 1997 €50.00m
54%
164 Brighton & Hove Albion Japan LW Kaoru Mitoma 1997 €40.00m
54%
412 Paris Saint-Germain France LB Lucas Hernandez 1996 €25.00m
54%
234 Paris Saint-Germain Brazil CB Marquinhos 1994 €35.00m
54%
162 Marseille England RW Mason Greenwood 2001 €40.00m
54%
83 Aston Villa England AM Morgan Rogers 2002 €55.00m
54%
138 Liverpool England CM Curtis Jones 2001 €45.00m
53%
232 Inter Milan Netherlands RB Denzel Dumfries 1996 €35.00m
53%
99 Atalanta Brazil CM Éderson 1999 €50.00m
53%
388 Barcelona Spain CB Eric García 2001 €25.00m
53%
87 Real Madrid Argentina AM Franco Mastantuono 2007 €50.00m
53%
185 Borussia Dortmund Switzerland GK Gregor Kobel 1997 €40.00m
53%
372 Barcelona Spain GK Joan García 2001 €25.00m
53%
74 Nottingham Forest Brazil CB Murillo 2002 €55.00m
53%
193 Como Argentina AM Nico Paz 2004 €35.00m
53%
282 Chelsea England RB Reece James 1999 €30.00m
53%
226 Al-Hilal France LB Théo Hernandez 1997 €35.00m
53%
197 Manchester City Uzbekistan CB Abdukodir Khusanov 2004 €35.00m
52%
188 Tottenham Hotspur Spain RB Pedro Porro 1999 €38.00m
52%
280 Tottenham Hotspur France ST Randal Kolo Muani 1998 €30.00m
52%
145 Newcastle United Sweden RW Anthony Elanga 2002 €42.00m
51%
168 Atlético Madrid England CM Conor Gallagher 2000 €40.00m
51%
297 Real Madrid Brazil CB Éder Militão 1998 €30.00m
51%
76 Arsenal England AM Ethan Nwaneri 2007 €55.00m
51%
147 Tottenham Hotspur England AM James Maddison 1996 €42.00m
51%
286 Newcastle United Germany SS Nick Woltemade 2002 €30.00m
51%
450 Al-Ittihad Portugal RW Roger Fernandes 2005 €22.00m
51%
159 Bournemouth Ghana RW Antoine Semenyo 2000 €40.00m
50%
495 Bayern Munich Germany CM Leon Goretzka 1995 €22.00m
50%
419 Galatasaray Germany RW Leroy Sané 1996 €25.00m
50%
424 Manchester City Netherlands CB Nathan Aké 1995 €25.00m
50%
170 Tottenham Hotspur Wales RW Brennan Johnson 2001 €40.00m
49%
176 Porto Portugal GK Diogo Costa 1999 €40.00m
49%
184 Tottenham Hotspur England ST Dominic Solanke 1997 €40.00m
49%
253 Tottenham Hotspur Italy GK Guglielmo Vicario 1996 €32.00m
49%
496 Arsenal Belgium LW Leandro Trossard 1994 €22.00m
49%
158 Chelsea England ST Liam Delap 2003 €40.00m
49%
112 Juventus Belgium ST Loïs Openda 2000 €50.00m
49%
171 Manchester City Spain CM Nico González 2002 €40.00m
49%
165 Arsenal England RW Noni Madueke 2002 €40.00m
49%
160 Tottenham Hotspur Italy LB Destiny Udogie 2002 €40.00m
48%
229 Newcastle United Brazil CM Joelinton 1996 €35.00m
48%
135 Borussia Dortmund Germany RW Karim Adeyemi 2002 €45.00m
48%
81 Chelsea England CB Levi Colwill 2003 €55.00m
48%
113 Fiorentina Italy ST Moise Kean 2000 €50.00m
48%
108 Nottingham Forest England AM Morgan Gibbs-White 2000 €50.00m
48%
175 Borussia Dortmund Germany CB Nico Schlotterbeck 1999 €40.00m
48%
497 Napoli Belgium ST Romelu Lukaku 1993 €22.00m
48%
343 Everton England LW Jack Grealish 1995 €28.00m
47%
180 West Ham United England RW Jarrod Bowen 1996 €40.00m
47%
421 Manchester City England CB John Stones 1994 €25.00m
47%
203 Chelsea France RB Malo Gusto 2003 €35.00m
47%
205 Manchester City Portugal CM Matheus Nunes 1998 €35.00m
47%
206 Manchester City Algeria LB Rayan Aït-Nouri 2001 €35.00m
47%
301 Manchester United Portugal RB Diogo Dalot 1999 €30.00m
46%
94 Chelsea England LW Jamie Gittens 2004 €50.00m
46%
196 Tottenham Hotspur France ST Mathys Tel 2005 €35.00m
46%
429 Atlético Madrid Argentina LW Nicolás González 1998 €24.00m
46%
310 Bayer Leverkusen Spain LB Alejandro Grimaldo 1995 €30.00m
45%
268 Real Betis Brazil RW Antony 2000 €30.00m
45%
199 Atlético Madrid Argentina RW Giuliano Simeone 2002 €35.00m
45%
311 Inter Milan Turkey CM Hakan Çalhanoğlu 1994 €30.00m
45%
309 Bayern Munich Germany CB Jonathan Tah 1996 €30.00m
45%
261 Lyon Belgium LW Malick Fofana 2005 €30.00m
45%
494 Bayern Munich Germany LW Serge Gnabry 1995 €22.00m
45%
146 Newcastle United Netherlands CB Sven Botman 2000 €42.00m
45%
386 Chelsea France CB Wesley Fofana 2000 €25.00m
45%
269 Milan France DM Youssouf Fofana 1999 €30.00m
45%
144 Paris Saint-Germain Ukraine CB Illya Zabarnyi 2002 €42.00m
44%
396 Crystal Palace Senegal RW Ismaïla Sarr 1998 €25.00m
44%
187 Tottenham Hotspur Sweden CM Lucas Bergvall 2006 €38.00m
44%
242 Tottenham Hotspur Senegal CM Pape Matar Sarr 2002 €32.00m
44%
155 Chelsea Belgium DM Roméo Lavia 2004 €40.00m
44%
166 Newcastle United England RB Tino Livramento 2002 €40.00m
44%
415 Atlético Madrid Norway ST Alexander Sørloth 1995 €25.00m
43%
279 Liverpool Georgia GK Giorgi Mamardashvili 2000 €30.00m
43%
66 Athletic Bilbao Spain AM Oihan Sancet 2000 €60.00m
43%
126 Crystal Palace England DM Adam Wharton 2004 €45.00m
42%
266 Liverpool Northern Ireland RB Conor Bradley 2003 €30.00m
42%
95 Everton England CB Jarrad Branthwaite 2002 €50.00m
42%
289 Manchester United Netherlands ST Joshua Zirkzee 2001 €30.00m
42%
423 Milan France GK Mike Maignan 1995 €25.00m
42%
259 Real Madrid Spain CB Raúl Asencio 2003 €30.00m
42%
88 Porto Spain ST Samu Aghehowa 2004 €50.00m
42%
153 Werder Bremen Nigeria ST Victor Boniface 2000 €40.00m
42%
224 Fulham United States LB Antonee Robinson 1997 €35.00m
41%
209 Bayer Leverkusen Burkina Faso CB Edmond Tapsoba 1999 €35.00m
41%
293 Crystal Palace France ST Jean-Philippe Mateta 1997 €30.00m
41%
151 Wolverhampton Wanderers Brazil CM João Gomes 2001 €40.00m
41%
340 Inter Milan Switzerland CB Manuel Akanji 1995 €28.00m
41%
295 Real Sociedad Japan RW Takefusa Kubo 2001 €30.00m
41%
137 Stuttgart Germany DM Angelo Stiller 2001 €45.00m
40%
148 Brighton & Hove Albion Cameroon DM Carlos Baleba 2004 €40.00m
40%
218 Newcastle United England LW Harvey Barnes 1997 €35.00m
40%
202 Fenerbahçe Colombia ST Jhon Durán 2003 €35.00m
40%
237 Newcastle United England LB Lewis Hall 2004 €32.00m
40%
285 Paris Saint-Germain France GK Lucas Chevalier 2001 €30.00m
40%
411 Atlético Madrid Spain RB Marcos Llorente 1995 €25.00m
40%
129 Al-Qadsiah Italy ST Mateo Retegui 1999 €45.00m
40%
364 Manchester City Norway RW Oscar Bobb 2003 €25.00m
40%
275 Milan Mexico ST Santiago Giménez 2001 €30.00m
40%
322 Wolverhampton Wanderers Portugal CB Toti Gomes 1999 €28.00m
40%
243 Nottingham Forest England CM Elliot Anderson 2002 €32.00m
39%
216 Aston Villa England CB Ezri Konsa 1997 €35.00m
39%
337 Aston Villa England LW Jadon Sancho 2000 €28.00m
39%
307 Tottenham Hotspur Portugal DM João Palhinha 1995 €30.00m
39%
194 Chelsea Netherlands LB Jorrel Hato 2006 €35.00m
39%
374 Paris Saint-Germain South Korea RW Lee Kang-in 2001 €25.00m
39%
339 Manchester United England AM Mason Mount 1999 €28.00m
39%
215 Nottingham Forest Serbia CB Nikola Milenković 1997 €35.00m
39%
79 Atlético Madrid Spain CM Pablo Barrios 2003 €55.00m
39%
347 Bayer Leverkusen Czech Republic ST Patrik Schick 1996 €27.00m
39%
491 Juventus United States CM Weston McKennie 1998 €22.00m
39%
173 Bayer Leverkusen Argentina CM Exequiel Palacios 1998 €40.00m
38%
308 Al-Nassr France LW Kingsley Coman 1996 €30.00m
38%
350 Manchester United Denmark LB Patrick Dorgu 2004 €25.00m
38%
302 Tottenham Hotspur Uruguay DM Rodrigo Bentancur 1997 €30.00m
38%
198 Chelsea Brazil CM Andrey Santos 2004 €35.00m
37%
304 Roma Ukraine ST Artem Dovbyk 1997 €30.00m
37%
174 Aston Villa France DM Boubacar Kamara 1999 €40.00m
37%
420 Borussia Dortmund Germany AM Julian Brandt 1996 €25.00m
37%
417 Bayern Munich Austria RB Konrad Laimer 1997 €25.00m
37%
332 West Ham United Brazil AM Lucas Paquetá 1997 €28.00m
37%
406 Manchester United Morocco RB Noussair Mazraoui 1997 €25.00m
37%
251 Newcastle United DR Congo ST Yoane Wissa 1996 €32.00m
37%
82 Atlético Madrid Spain LW Álex Baena 2001 €55.00m
36%
264 Arsenal Spain CB Cristhian Mosquera 2004 €30.00m
36%
200 Bournemouth Brazil ST Evanilson 1999 €35.00m
36%
106 Sporting CP Denmark DM Morten Hjulmand 1999 €50.00m
36%
223 Atlético Madrid Spain CB Robin Le Normand 1996 €35.00m
36%
247 Bayern Munich Croatia RB Josip Stanišić 2000 €32.00m
35%
468 Manchester City England GK James Trafford 2002 €22.00m
34%
338 Roma Jamaica RW Leon Bailey 1997 €28.00m
34%
265 Barcelona Spain DM Marc Casadó 2003 €30.00m
34%
298 Al-Ittihad France RW Moussa Diaby 1999 €30.00m
34%
122 Sporting CP Ivory Coast CB Ousmane Diomande 2003 €45.00m
34%
221 Juventus Netherlands AM Teun Koopmeiners 1998 €35.00m
34%
231 Benfica Greece ST Vangelis Pavlidis 1998 €35.00m
34%
213 Inter Milan Germany CB Yann Bisseck 2000 €35.00m
34%
414 Al-Ahli England ST Ivan Toney 1996 €25.00m
33%
230 Bournemouth Netherlands AM Justin Kluivert 1999 €35.00m
33%
281 Brentford Germany LW Kevin Schade 2001 €30.00m
33%
393 Aston Villa Poland RB Matty Cash 1997 €25.00m
33%
149 Porto Portugal AM Rodrigo Mora 2007 €40.00m
33%
186 Tottenham Hotspur England RB Archie Gray 2006 €38.00m
32%
410 Aston Villa Netherlands RW Donyell Malen 1999 €25.00m
32%
365 Roma Ireland ST Evan Ferguson 2004 €25.00m
32%
217 Sporting CP Portugal RW Francisco Trincão 1999 €35.00m
32%
345 Napoli Cameroon CM Frank Anguissa 1995 €27.00m
32%
156 Roma France CM Manu Koné 2001 €40.00m
32%
371 Tottenham Hotspur Romania CB Radu Drăgușin 2002 €25.00m
32%
405 Chelsea England CB Trevoh Chalobah 1999 €25.00m
32%
274 Brighton & Hove Albion Netherlands GK Bart Verbruggen 2002 €30.00m
31%
214 Atalanta Belgium AM Charles De Ketelaere 2001 €35.00m
31%
299 Fulham England AM Emile Smith Rowe 2000 €30.00m
31%
326 Juventus Portugal RW Francisco Conceição 2002 €28.00m
31%
262 Villarreal Georgia ST Georges Mikautadze 2000 €30.00m
31%
327 Aston Villa Netherlands LB Ian Maatsen 2002 €28.00m
31%
334 Bologna Scotland CM Lewis Ferguson 1999 €28.00m
31%
395 Tottenham Hotspur Mali DM Yves Bissouma 1996 €25.00m
31%
225 Milan France ST Christopher Nkunku 1997 €35.00m
30%
384 Crystal Palace Colombia RB Daniel Muñoz 1996 €25.00m
30%
296 Atlético Madrid Slovakia CB Dávid Hancko 1997 €30.00m
30%
283 Napoli Brazil RW David Neres 1997 €30.00m
30%
288 Nottingham Forest Brazil CM Douglas Luiz 1998 €30.00m
30%
121 Sporting CP Portugal RW Geovany Quenda 2007 €45.00m
30%
130 Sporting CP Portugal CB Gonçalo Inácio 2001 €45.00m
30%
403 Bayern Munich Japan CB Hiroki Itō 1999 €25.00m
30%
290 Wolverhampton Wanderers Norway ST Jørgen Strand Larsen 2000 €30.00m
30%
303 Milan Ecuador LB Pervis Estupiñán 1998 €30.00m
30%
157 RB Leipzig France CB Castello Lukeba 2002 €40.00m
29%
220 Nottingham Forest Switzerland RW Dan Ndoye 2000 €35.00m
29%
271 Aston Villa England AM Harvey Elliott 2003 €30.00m
29%
306 Juventus Italy DM Manuel Locatelli 1998 €30.00m
29%
256 Brighton & Hove Albion Gambia RW Yankuba Minteh 2004 €30.00m
29%
422 Milan France CM Adrien Rabiot 1995 €25.00m
28%
484 Chelsea France CB Axel Disasi 1998 €22.00m
28%
480 Chelsea France CB Benoît Badiashile 2001 €22.00m
28%
163 Athletic Bilbao Spain CB Daniel Vivian 1999 €40.00m
28%
241 Brighton & Hove Albion Netherlands CB Jan Paul van Hecke 2000 €32.00m
28%
413 Tottenham Hotspur Austria CB Kevin Danso 1998 €25.00m
28%
125 Monaco France RW Maghnes Akliouche 2002 €45.00m
28%
418 Napoli Slovakia DM Stanislav Lobotka 1994 €25.00m
28%
313 RB Leipzig Norway LW Antonio Nusa 2005 €28.00m
27%
150 Eintracht Frankfurt Sweden CM Hugo Larsson 2004 €40.00m
27%
246 Newcastle United England CM Jacob Ramsey 2001 €32.00m
27%
346 Fulham Denmark CB Joachim Andersen 1996 €27.00m
27%
481 Sporting CP Colombia ST Luis Suárez 1997 €22.00m
27%
248 Bayer Leverkusen United States AM Malik Tillman 2002 €32.00m
27%
336 Everton Ukraine LB Vitaliy Mykolenko 1999 €28.00m
27%
270 Crystal Palace Spain RW Yeremy Pino 2002 €30.00m
27%
111 Napoli Italy CB Alessandro Buongiorno 1999 €50.00m
26%
342 Fulham Nigeria LW Alex Iwobi 1996 €28.00m
26%
325 Benfica Ukraine GK Anatoliy Trubin 2001 €28.00m
26%
219 Inter Milan Italy CM Davide Frattesi 1999 €35.00m
26%
305 Monaco Switzerland DM Denis Zakaria 1996 €30.00m
26%
460 Everton Senegal RW Iliman Ndiaye 2000 €22.00m
26%
249 Lazio France CM Mattéo Guendouzi 1999 €32.00m
26%
430 West Ham United DR Congo RB Aaron Wan-Bissaka 1997 €24.00m
25%
399 Nottingham Forest England LW Callum Hudson-Odoi 2000 €25.00m
25%
244 Brighton & Hove Albion France ST Georginio Rutter 2002 €32.00m
25%
391 Crystal Palace France CB Maxence Lacroix 2000 €25.00m
25%
407 Napoli Netherlands LW Noa Lang 1999 €25.00m
25%
404 Marseille France CB Benjamin Pavard 1996 €25.00m
24%
462 Everton Guinea-Bissau ST Beto 1998 €22.00m
24%
400 Brighton & Hove Albion Turkey LB Ferdi Kadıoğlu 1999 €25.00m
24%
438 Atalanta Italy ST Gianluca Scamacca 1999 €24.00m
24%
201 Marseille Brazil LW Igor Paixão 2000 €35.00m
24%
351 Paris Saint-Germain Brazil CB Lucas Beraldo 2003 €25.00m
24%
324 Brentford Denmark AM Mikkel Damsgaard 2000 €28.00m
24%
323 Juventus France CB Pierre Kalulu 2000 €28.00m
24%
318 Wolverhampton Wanderers Brazil DM André 2001 €28.00m
23%
486 Burnley Portugal DM Florentino Luís 1999 €22.00m
23%
398 Atlético Madrid Italy ST Giacomo Raspadori 2000 €25.00m
23%
392 Porto Poland CB Jakub Kiwior 2000 €25.00m
23%
493 Nottingham Forest Nigeria RB Ola Aina 1996 €22.00m
23%
335 Borussia Dortmund Germany CM Felix Nmecha 2000 €28.00m
22%
254 Como Spain LW Jesús Rodríguez 2005 €30.00m
22%
273 RB Leipzig Belgium RW Johan Bakayoko 2003 €30.00m
22%
369 Borussia Dortmund Germany ST Maximilian Beier 2002 €25.00m
22%
291 Sporting CP Portugal LW Pedro Gonçalves 1998 €30.00m
22%
358 Crystal Palace England LB Tyrick Mitchell 1999 €25.00m
22%
389 Fulham Nigeria CB Calvin Bassey 1999 €25.00m
21%
477 West Ham United Netherlands LW Crysencio Summerville 2001 €22.00m
21%
207 Atalanta Italy CB Giorgio Scalvini 2003 €35.00m
21%
489 Newcastle United England CM Joe Willock 1999 €22.00m
21%
448 Newcastle United England CM Lewis Miley 2006 €22.00m
21%
212 Juventus Italy LM Andrea Cambiaso 2000 €35.00m
20%
478 Sunderland Netherlands ST Brian Brobbey 2002 €22.00m
20%
300 Roma Ivory Coast CB Evan Ndicka 1999 €30.00m
20%
500 Chelsea Argentina AM Facundo Buonanotte 2004 €20.00m
20%
349 Inter Milan Italy ST Francesco Pio Esposito 2005 €25.00m
20%
435 Nottingham Forest Ivory Coast DM Ibrahim Sangaré 1997 €24.00m
20%
479 Bournemouth Argentina CB Marcos Senesi 1997 €22.00m
20%
236 Wolfsburg Algeria ST Mohamed Amoura 2000 €32.00m
20%
329 Brentford Ireland CB Nathan Collins 2001 €28.00m
20%
385 Villarreal Senegal DM Pape Gueye 1999 €25.00m
20%
354 Villarreal Portugal CB Renato Veiga 2003 €25.00m
20%
402 Eintracht Frankfurt Japan RW Ritsu Dōan 1998 €25.00m
20%
409 Fulham Norway DM Sander Berge 1998 €25.00m
20%
432 Fenerbahçe Morocco ST Youssef En-Nesyri 1997 €24.00m
20%
376 Galatasaray Turkey LW Barış Alper Yılmaz 2000 €25.00m
19%
348 Inter Milan Brazil LB Carlos Augusto 1999 €26.00m
19%
367 West Ham United France CB Jean-Clair Todibo 1999 €25.00m
19%
228 Eintracht Frankfurt Germany ST Jonathan Burkardt 2000 €35.00m
19%
492 Al-Hilal Brazil RW Malcom 1997 €22.00m
19%
263 Roma Argentina RW Matías Soulé 2003 €30.00m
19%
379 West Ham United England CB Maximilian Kilman 1997 €25.00m
19%
441 Al-Nassr France CB Mohamed Simakan 2000 €23.00m
19%
260 Bayern Munich Germany CM Tom Bischof 2005 €30.00m
19%
257 Girona Brazil CB Vitor Reis 2006 €30.00m
19%
375 Crystal Palace Mali DM Cheick Doucouré 2000 €25.00m
18%
287 Club Brugge Greece LW Christos Tzolis 2002 €30.00m
18%
315 Brentford Burkina Faso LW Dango Ouattara 2002 €28.00m
18%
461 Ipswich Town England LB Leif Davis 1999 €22.00m
18%
361 Inter Milan Brazil RM Luis Henrique 2001 €25.00m
18%
319 Sunderland Ivory Coast LW Simon Adingra 2002 €28.00m
18%
370 Atlético Madrid Argentina AM Thiago Almada 2001 €25.00m
18%
459 Leeds United Italy RW Wilfried Gnonto 2003 €22.00m
18%
360 Brighton & Hove Albion Germany RW Brajan Gruda 2004 €25.00m
17%
427 Juventus Italy CB Federico Gatti 1998 €24.00m
17%
278 Atalanta Sweden CB Isak Hien 1999 €30.00m
17%
355 Zenit Brazil RW Luiz Henrique 2001 €25.00m
17%
272 Monaco Denmark ST Mika Biereth 2003 €30.00m
17%
408 Roma Serbia GK Mile Svilar 1999 €25.00m
17%
331 Beşiktaş Turkey CM Orkun Kökçü 2000 €28.00m
17%
473 Porto Brazil RW Pepê 1997 €22.00m
17%
436 Eintracht Frankfurt Belgium CB Arthur Theate 2000 €24.00m
16%
255 Como Senegal LW Assane Diao 2005 €30.00m
16%
383 Juventus Kosovo RW Edon Zhegrova 1999 €25.00m
16%
316 Bayer Leverkusen Morocco LW Eliesse Ben Seghir 2005 €28.00m
16%
208 Al-Ahli France AM Enzo Millot 2002 €35.00m
16%
457 Strasbourg Paraguay AM Julio Enciso 2004 €22.00m
16%
378 Lazio Portugal LB Nuno Tavares 2000 €25.00m
16%
352 Everton England RW Tyler Dibling 2006 €25.00m
16%
276 Sporting CP Belgium CB Zeno Debast 2003 €30.00m
16%
240 Milan Switzerland DM Ardon Jashari 2002 €32.00m
15%
433 Fiorentina Brazil RB Dodô 1998 €24.00m
15%
373 Strasbourg Netherlands ST Emanuel Emegha 2003 €25.00m
15%
490 Stuttgart Bosnia and Herzegovina ST Ermedin Demirović 1998 €22.00m
15%
471 Hamburger Portugal AM Fábio Vieira 2000 €22.00m
15%
466 Napoli Italy ST Lorenzo Lucca 2000 €22.00m
15%
195 Bologna Argentina ST Santiago Castro 2004 €35.00m
15%
317 Botafogo Brazil DM Danilo Oliveira 2001 €28.00m
14%
239 Benfica Ukraine AM Heorhiy Sudakov 2002 €32.00m
14%
362 Atlético Madrid United States CM Johnny Cardoso 2001 €25.00m
14%
328 Ajax Netherlands CM Kenneth Taylor 2002 €28.00m
14%
443 Fenerbahçe Turkey LW Kerem Aktürkoğlu 1998 €23.00m
14%
394 Brighton & Hove Albion Netherlands DM Mats Wieffer 1999 €25.00m
14%
366 Atalanta Ivory Coast CB Odilon Kossounou 2001 €25.00m
14%
401 Bologna Italy RW Riccardo Orsolini 1997 €m
14%
456 Brighton & Hove Albion Sweden CM Yasin Ayari 2003 €22.00m
14%
294 Marseille Algeria ST Amine Gouiri 2000 €30.00m
13%
330 Bournemouth France CB Bafodé Diakité 2001 €28.00m
13%
368 Everton England LW Dwight McNeil 1999 €25.00m
13%
382 Aston Villa Ivory Coast ST Evann Guessand 2001 €25.00m
13%
344 PSV Morocco CM Ismael Saibari 2001 €27.00m
13%
485 Ajax Croatia CB Josip Šutalo 2000 €22.00m
13%
449 Monaco Senegal CM Lamine Camara 2004 €22.00m
13%
390 Atalanta Italy GK Marco Carnesecchi 2000 €25.00m
13%
426 RB Leipzig Denmark ST Conrad Harder 2005 €24.00m
12%
458 Eintracht Frankfurt France ST Elye Wahi 2003 €22.00m
12%
425 Brighton & Hove Albion England DM Jack Hinshelwood 2005 €24.00m
12%
397 PSV Netherlands CM Joey Veerman 1998 €25.00m
12%
359 Bayer Leverkusen France CB Loïc Badé 2000 €25.00m
12%
267 Lazio Spain CB Mario Gila 2000 €30.00m
12%
452 Nottingham Forest England AM Omari Hutchinson 2003 €22.00m
12%
453 Benfica Colombia DM Richard Ríos 2000 €22.00m
12%
284 Milan Italy DM Samuele Ricci 2001 €30.00m
12%
470 Brentford Netherlands CB Sepp van den Berg 2001 €22.00m
12%
380 Lazio Argentina ST Taty Castellanos 1998 €25.00m
12%
235 Porto Argentina DM Alan Varela 2001 €32.00m
11%
464 Nottingham Forest France ST Arnaud Kalimuendo 2002 €22.00m
11%
312 Lille France CM Ayyoub Bouaddi 2007 €28.00m
11%
320 Stuttgart Morocco AM Bilal El Khannouss 2004 €28.00m
11%
487 PSV Netherlands DM Jerdy Schouten 1997 €22.00m
11%
442 Brentford England LW Keane Lewis-Potter 2001 €23.00m
11%
483 Marseille Denmark CM Matt O'Riley 2000 €22.00m
11%
455 Eintracht Frankfurt Germany LB Nathaniel Brown 2003 €22.00m
11%
333 Napoli Netherlands CB Sam Beukema 1998 €28.00m
11%
474 Southampton England CB Taylor Harwood-Bellis 2002 €22.00m
11%
321 Galatasaray Ivory Coast CB Wilfried Singo 2000 €28.00m
11%
463 Athletic Bilbao Spain CB Aitor Paredes 2000 €22.00m
10%
482 Bologna Colombia CB Jhon Lucumí 1998 €22.00m
10%
314 Club Brugge Ecuador CB Joel Ordóñez 2004 €28.00m
10%
475 Milan Belgium CB Koni De Winter 2002 €22.00m
10%
465 Como Croatia AM Martin Baturina 2003 €22.00m
10%
277 Lazio Italy DM Nicolò Rovella 2001 €30.00m
10%
447 Marseille Belgium DM Arthur Vermeeren 2005 €22.00m
9%
387 Marseille Argentina CB Facundo Medina 1999 €25.00m
9%
469 Galatasaray Brazil CM Gabriel Sara 1999 €22.00m
9%
431 Al-Ahli Brazil LW Wenderson Galeno 1997 €24.00m
9%
377 Nottingham Forest France RW Dilane Bakwa 2002 €25.00m
8%
445 Brighton & Hove Albion Greece ST Stefanos Tzimas 2006 €22.00m
8%
353 Valencia Spain CM Javi Guerra 2003 €25.00m
7%
258 Athletic Bilbao Spain CM Mikel Jauregizar 2003 €30.00m
7%
499 Feyenoord Netherlands RB Givairo Read 2006 €20.00m
6%
498 Levante Cameroon ST Karl Etta Eyong 2003 €20.00m
6%
439 Genk Greece AM Konstantinos Karetsas 2007 €23.00m
6%
356 Fiorentina Italy CB Pietro Comuzzo 2005 €25.00m
6%
437 Atalanta Italy RM Raoul Bellanova 2000 €24.00m
6%
357 Villarreal Spain LW Alberto Moleiro 2003 €25.00m
5%
488 Zenit Brazil CM Gerson 1997 €22.00m
5%
363 Wolfsburg Greece CB Konstantinos Koulierakis 2003 €25.00m
5%
428 Mainz Germany AM Paul Nebel 2002 €24.00m
5%
454 Flamengo Brazil LW Samuel Lino 1999 €22.00m
5%
446 Porto Denmark CM Victor Froholdt 2006 €22.00m
5%
472 Sporting CP Greece ST Fotis Ioannidis 2000 €22.00m
4%
476 Corinthians Brazil ST Yuri Alberto 2001 €22.00m
4%
467 Augsburg France CB Chrislain Matsima 2002 €22.00m
3%
381 Krasnodar Armenia AM Eduard Spertsyan 2000 €25.00m
3%
440 Lokomotiv Moscow Russia AM Aleksey Batrakov 2005 €23.00m
2%
No matching quizzes found
Score Distribution
Percent of People with Each Score
Percentile by Number Answered
Your Score History
You have not taken this quiz since the last reset